| 000 | 00374nam a2200157Ia 4500 | ||
|---|---|---|---|
| 008 | 131103s9999 xx 000 0 und d | ||
| 040 | _aLoreto College | ||
| 041 | _aEnglish | ||
| 082 |
_a823.91/JAM _bLCLIB |
||
| 100 | _aJam, H | ||
| 245 | 4 |
_aThe habasshors _cH Jam |
|
| 300 |
_a446p. _c 18cm. |
||
| 650 | _aEnglish fiction | ||
| 850 | _aLCLIB/823.91/JAM | ||
| 942 | _cBK | ||
| 999 |
_c22585 _d73064 |
||